[Event "29th Czech Rapid G1 2018"]
[Site "Pardubice CZE"]
[Date "2018.07.18"]
[Round "3.16"]
[White "Buchcar, Tomas"]
[Black "Geller, Jakov"]
[Result "0-1"]
[BlackTitle "GM"]
[WhiteElo "2133"]
[BlackElo "2518"]
[WhiteFideId "328421"]
[BlackFideId "4151984"]
[EventDate "2018.07.18"]

1. Nf3 d5 2. c4 e6 3. e3 Nf6 4. b3 Be7 5. Bb2 O-O 6. Qc2 c5 7. Be2 Nc6 8. a3 b6
9. d3 Bb7 10. Nbd2 Rc8 11. O-O Qc7 12. Rac1 Rfd8 13. Rfe1 e5 14. cxd5 Nxd5 15.
Qb1 Qb8 16. Qa1 f6 17. Qb1 Bf8 18. Bd1 Rd7 19. Bc2 g6 20. h4 Bg7 21. h5 Nce7 22.
hxg6 hxg6 23. d4 exd4 24. exd4 Nf4 25. dxc5 bxc5 26. Ne4 Ned5 27. Ng3 Nxg2 28.
Kxg2 Nf4+ 29. Kg1 Bxf3 30. Bxg6 Nh3+ 31. Kh2 Nxf2 32. Qf5 Rd2 33. Qxf3 Ne4+ 34.
Kg1 Qxg3+ 35. Qxg3 Nxg3 36. Rc2 Rxc2 37. Bxc2 f5 38. Bxg7 Kxg7 39. Kf2 f4 40.
Kf3 Nh5 41. Re7+ Kf6 42. Rxa7 Rg8 43. Rd7 Rg3+ 44. Ke4 Re3+ 45. Kd5 f3 46. Rd6+
Kg5 47. Bd1 Nf4+ 48. Kxc5 f2 0-1

[Event "29th Czech Rapid G1 2018"]
[Site "Pardubice CZE"]
[Date "2018.07.18"]
[Round "3.18"]
[White "Zilka, Stepan"]
[Black "Gomes, Mary Ann"]
[Result "1-0"]
[WhiteTitle "GM"]
[BlackTitle "WGM"]
[WhiteElo "2517"]
[BlackElo "2284"]
[WhiteFideId "315303"]
[BlackFideId "5013623"]
[EventDate "2018.07.18"]

1. c4 Nf6 2. Nc3 e6 3. e4 d5 4. e5 d4 5. exf6 dxc3 6. bxc3 Qxf6 7. Nf3 c5 8. Bd3
Nc6 9. O-O Bd6 10. Be4 Ne5 11. d3 Nxf3+ 12. Qxf3 Qxf3 13. Bxf3 O-O 14. Be3 Rb8
15. a4 b6 16. a5 Bb7 17. axb6 axb6 18. Bxb7 Rxb7 19. Rfb1 f5 20. f3 f4 21. Bf2
e5 22. Ra6 Rfb8 23. g4 Kf7 24. h4 Ke7 25. Rb5 Kd7 26. Kf1 Kc7 27. Ke2 Rd8 28. d4
exd4 29. cxd4 Be7 30. dxc5 bxc5 31. Bxc5 Rxb5 32. cxb5 Bxc5 33. Rc6+ Kb7 34.
Rxc5 Re8+ 35. Kf2 Kb6 36. Rf5 Re7 37. h5 h6 38. Kg2 Re6 39. Kh3 Rf6 40. Kh4 Ka5
41. Re5 Rf7 42. g5 hxg5+ 43. Kxg5 Kb6 44. Rf5 Rc7 45. Kxf4 Rc1 46. Rg5 Rc7 47.
Kg4 Rf7 48. f4 Rc7 49. Rd5 Rc1 50. Kf5 Rg1 51. Ke6 Rg4 52. f5 Rh4 53. Kf7 Rxh5
54. Kxg7 Kc7 55. Kg6 Rh1 56. f6 Rg1+ 57. Kh7 Rf1 58. Kg7 Rg1+ 59. Kf8 Rf1 60. f7
Rg1 61. Ke7 Re1+ 62. Kf6 1-0

[Event "29th Czech Rapid G1 2018"]
[Site "Pardubice CZE"]
[Date "2018.07.18"]
[Round "3.19"]
[White "Michelle Catherina, P"]
[Black "Zakhartsov, Viacheslav V."]
[Result "0-1"]
[WhiteTitle "WIM"]
[BlackTitle "GM"]
[WhiteElo "2069"]
[BlackElo "2539"]
[WhiteFideId "5005736"]
[BlackFideId "4115333"]
[EventDate "2018.07.18"]

1. c4 Nf6 2. Nc3 e5 3. g3 Bb4 4. Bg2 O-O 5. d3 Re8 6. e4 Bxc3+ 7. bxc3 c6 8. Ne2
d5 9. cxd5 cxd5 10. exd5 Nxd5 11. O-O Nc6 12. h3 Be6 13. Rb1 Qd7 14. Kh2 Rad8
15. c4 Ndb4 16. Qb3 b6 17. Rd1 Na6 18. Be3 Na5 19. Qc3 Qc7 20. Rdc1 Nb7 21. d4
Bf5 22. Rb5 exd4 23. Nxd4 Be4 24. Nf5 f6 25. Bf4 Qd7 26. Bxe4 Rxe4 27. Rd5 Qe8
28. Rcd1 Rxd5 29. cxd5 Nac5 30. Nd6 Nxd6 31. Bxd6 Nb7 32. Bf4 Re2 33. Be3 Nd6
34. Qc6 Qxe3 35. Qa8+ Kf7 36. Rf1 Rxf2+ 37. Rxf2 Qxf2+ 38. Kh1 Ne4 39. Qxa7+ Kg6 0-1

[Event "29th Czech Rapid G1 2018"]
[Site "Pardubice CZE"]
[Date "2018.07.18"]
[Round "3.20"]
[White "Hasangatin, Ramil"]
[Black "Zhuravlev, Stepan"]
[Result "1-0"]
[WhiteTitle "GM"]
[WhiteElo "2497"]
[BlackElo "2121"]
[WhiteFideId "4122160"]
[BlackFideId "34120197"]
[EventDate "2018.07.18"]

1. e4 e5 2. Nf3 Nc6 3. Bb5 a6 4. Ba4 Nf6 5. Bxc6 dxc6 6. d3 Bd6 7. Bg5 c5 8.
Nbd2 Be6 9. Qe2 h6 10. Bh4 Qe7 11. b3 O-O-O 12. Nc4 Bxc4 13. bxc4 g5 14. Bg3 Nd7
15. Nd2 Nf8 16. Nf1 Ne6 17. Ne3 Nd4 18. Qg4+ Kb8 19. h4 f6 20. c3 Ne6 21. Nd5
Qf7 22. Qf5 Rdf8 23. hxg5 hxg5 24. O-O-O Rxh1 25. Rxh1 Ng7 26. Qg4 c6 27. Ne3
Qc7 28. Rh7 Rf7 29. Qd1 Ka7 30. Kd2 Rd7 31. Ke2 Ne6 32. Rh6 Be7 33. Nf5 Bd8 34.
Rh8 Qb6 35. Qb3 Qxb3 36. axb3 a5 37. Kd2 Ka6 38. Kc2 b6 39. f3 b5 40. cxb5+ Kxb5
41. Ne3 Ka6 42. Rh1 Kb5 43. Nc4 Ka6 44. Rh8 Kb5 45. Bh2 Ka6 46. g3 Kb5 47. Bg1
Ka6 48. Bf2 Kb5 49. Rh1 Ka6 50. Rh8 Kb5 51. Nb2 Ka6 52. Na4 Be7 53. Rh7 Rb7 54.
Rf7 Ra7 55. Rh7 Rb7 56. Rh8 Rd7 57. Ra8+ Kb7 58. Rh8 Ka6 59. Re8 Kb7 60. Nb2 Nc7
61. Rh8 Ne6 62. Nc4 Bd8 63. Be3 Ka6 64. Nb2 Kb7 65. Na4 Be7 66. Rh7 Kc7 67. Rh8
Kb7 68. Nb2 Bd8 69. Kd2 Ka6 70. Nc4 Kb5 71. Rh1 Nc7 72. Rh6 a4 73. bxa4+ Ka6 74.
Bxc5 Ne6 75. Be3 Ba5 76. Rxf6 Nd4 77. Bxd4 exd4 78. Rxc6+ 1-0

[Event "29th Czech Rapid G1 2018"]
[Site "Pardubice CZE"]
[Date "2018.07.18"]
[Round "3.21"]
[White "Kobo, Ori"]
[Black "Bente, Bjoern"]
[Result "1-0"]
[WhiteTitle "GM"]
[BlackTitle "FM"]
[WhiteElo "2508"]
[BlackElo "2219"]
[WhiteFideId "2812320"]
[BlackFideId "4638611"]
[EventDate "2018.07.18"]

1. Nf3 d5 2. g3 Nf6 3. Bg2 e6 4. c4 dxc4 5. O-O a6 6. Qc2 Nbd7 7. a4 c5 8. a5
Rb8 9. Qxc4 b5 10. axb6 Nxb6 11. Qc2 Bd6 12. d3 O-O 13. Bd2 Nbd5 14. e4 Nb4 15.
Bxb4 Rxb4 16. e5 1-0

[Event "29th Czech Rapid G1 2018"]
[Site "Pardubice CZE"]
[Date "2018.07.18"]
[Round "3.22"]
[White "Priyanka, Nutakki"]
[Black "Pulpan, Jakub"]
[Result "0-1"]
[BlackTitle "IM"]
[WhiteElo "2180"]
[BlackElo "2386"]
[WhiteFideId "25049615"]
[BlackFideId "302759"]
[EventDate "2018.07.18"]

1. e4 e5 2. Nf3 Nc6 3. Bc4 Nf6 4. d3 Bc5 5. O-O O-O 6. a4 d6 7. c3 a6 8. h3 h6
9. Nbd2 Ba7 10. Re1 Ne7 11. Nf1 Ng6 12. Ng3 c6 13. Ba2 Re8 14. d4 Be6 15. Bxe6
Rxe6 16. Be3 Qc7 17. Qb3 Ree8 18. Rad1 exd4 19. Bxd4 Bxd4 20. Nxd4 d5 21. exd5
Nxd5 22. Ne4 Re5 23. Nc5 b6 24. Nd3 Rg5 25. Nf3 Rf5 26. Nd4 Rf6 27. Re4 Ndf4 28.
Nxf4 Nxf4 29. Rde1 Rf8 30. Re7 Qd6 31. R7e3 Rg6 32. Rg3 Rxg3 33. fxg3 Nxh3+ 34.
gxh3 Qxg3+ 35. Kf1 c5 36. Nc2 Qxh3+ 37. Kg1 Qg4+ 38. Kf1 Qf5+ 39. Kg1 Qg6+ 40.
Kh1 Qc6+ 41. Kh2 Qd6+ 42. Kh1 Qc6+ 43. Kh2 Rd8 44. Re2 Rd5 45. Kg1 Rg5+ 46. Kf2
Qf6+ 47. Ke1 Rg1+ 48. Kd2 Qd6+ 49. Ke3 Rg3+ 50. Ke4 Qd3+ 0-1

[Event "29th Czech Rapid G1 2018"]
[Site "Pardubice CZE"]
[Date "2018.07.18"]
[Round "3.23"]
[White "Rakshitta, Ravi"]
[Black "Bogdanov, Egor"]
[Result "1/2-1/2"]
[BlackTitle "IM"]
[WhiteElo "2026"]
[BlackElo "2328"]
[WhiteFideId "25073230"]
[BlackFideId "14119137"]
[EventDate "2018.07.18"]

1. e4 c5 2. Nc3 Nc6 3. Bb5 Nd4 4. Bc4 g6 5. Nf3 Bg7 6. Nxd4 cxd4 7. Qf3 Nf6 8.
Nb5 O-O 9. Nxd4 Qa5 10. Ne2 d5 11. exd5 Bg4 12. Qc3 Qb6 13. Qb3 Qc7 14. O-O Rac8
15. Bd3 Nd7 16. Ng3 Nc5 17. Qc4 Nxd3 18. Qxd3 Qxc2 19. Qa3 Qc5 20. Qa4 h5 21. h3
b5 22. Qe4 Bd7 23. d3 Bf6 24. Be3 Qc7 25. Rac1 Qb7 26. Bd4 Qa6 27. Bxf6 Qxf6 28.
Qe3 a5 29. b3 Rfd8 30. Rxc8 Rxc8 31. Qa7 Qd6 32. Qxa5 Qxd5 33. Qb4 Bc6 34. Qe4
Qd6 35. Qe3 Ra8 36. Qe2 Qd5 37. f3 Qc5+ 38. Kh1 b4 39. Ne4 Qa5 40. Rc1 Bb5 41.
Rc5 Qa6 42. Nf2 Qxa2 43. Qxa2 Rxa2 44. Rxb5 Rxf2 45. Rxb4 Kg7 46. Kh2 Rd2 47. d4
h4 48. d5 g5 49. Rb5 Kg6 50. b4 Rb2 51. Rb7 Kf6 52. b5 Rd2 53. Rd7 Rb2 54. d6
exd6 55. Rxd6+ Ke5 56. Rb6 f5 57. Rg6 Kf4 58. b6 Rb1 59. Re6 Rb2 60. Rc6 Ke3 61.
Rc5 Kf4 62. Rc4+ Ke3 63. Rc5 Kf4 64. Rc6 Ke3 65. Rg6 Kf4 66. Kg1 Rb1+ 67. Kf2
Rb2+ 1/2-1/2

[Event "29th Czech Rapid G1 2018"]
[Site "Pardubice CZE"]
[Date "2018.07.18"]
[Round "3.25"]
[White "Mozharov, Mikhail"]
[Black "Gukesh, D"]
[Result "1/2-1/2"]
[WhiteTitle "GM"]
[BlackTitle "IM"]
[WhiteElo "2542"]
[BlackElo "2433"]
[WhiteFideId "4189825"]
[BlackFideId "46616543"]
[EventDate "2018.07.18"]

1. e4 c5 2. Nf3 d6 3. d4 cxd4 4. Nxd4 Nf6 5. Nc3 a6 6. Be3 Nbd7 7. f3 d5 8. Nxd5
Nxd5 9. exd5 Qa5+ 10. Qd2 Qxd5 11. c4 Qe5 12. Be2 e6 13. O-O Bb4 14. Qc1 O-O 15.
Rd1 Bc5 16. Rb1 Nf6 17. b4 Ba7 18. f4 Qc7 19. Bf3 e5 20. fxe5 Qxe5 21. Bf4 Qe7
22. c5 Bb8 23. Bxb8 Rxb8 24. Qf4 Be6 25. Re1 Rfe8 26. Nf5 Qf8 27. Nd6 Re7 28.
Rbd1 Rd7 29. a3 Qd8 30. Nf5 Bxf5 31. Qxf5 Rxd1 32. Rxd1 Qe7 33. Qd3 Re8 34. h3
g6 35. Kh1 Kg7 36. Qd6 Ne4 37. Qxe7 Rxe7 38. Bxe4 Rxe4 39. Rd7 Re1+ 40. Kh2 Ra1
41. Rxb7 Rxa3 42. Rb6 Kf8 43. c6 Ke7 44. Rb7+ Ke6 45. Ra7 Rb3 46. Rxa6 Rxb4 47.
c7+ Kd7 48. Rf6 Kxc7 49. Rxf7+ Kd6 50. Rxh7 Ke6 51. Rc7 Kf6 52. Rc6+ Kg5 53. Rc3
Kh6 54. Kg3 Rb2 55. Kf3 Ra2 56. g3 Ra4 57. Re3 Rb4 58. Re4 Rb3+ 59. Kf4 Rb1 60.
Kg4 Rb3 61. h4 Rb1 62. Re6 Rb4+ 63. Kf3 Rb3+ 64. Kf4 Rb4+ 65. Re4 Rxe4+ 66. Kxe4
g5 67. h5 Kxh5 68. Kf5 g4 69. Kf4 Kh6 70. Kxg4 Kg6 1/2-1/2

[Event "29th Czech Rapid G1 2018"]
[Site "Pardubice CZE"]
[Date "2018.07.18"]
[Round "3.26"]
[White "Roessler, Ulrike"]
[Black "Belyakov, Bogdan"]
[Result "0-1"]
[WhiteTitle "WIM"]
[BlackTitle "IM"]
[WhiteElo "2137"]
[BlackElo "2489"]
[WhiteFideId "4622650"]
[BlackFideId "24104795"]
[EventDate "2018.07.18"]

1. e4 e5 2. Bc4 Nc6 3. d3 Nf6 4. Nf3 Bc5 5. c3 O-O 6. Bb3 d5 7. Qe2 a5 8. Bg5
dxe4 9. dxe4 h6 10. Bh4 a4 11. Bc2 Qd6 12. Nbd2 Nh5 13. Nc4 Qe6 14. O-O-O Nf4
15. Qf1 Na5 16. Ncxe5 Qxa2 17. Qb5 Bd6 18. Qxa4 Qe6 19. Nd3 Bd7 20. Nd4 Nxd3+
21. Rxd3 Qg4 22. h3 Qf4+ 0-1

[Event "29th Czech Rapid G1 2018"]
[Site "Pardubice CZE"]
[Date "2018.07.18"]
[Round "3.27"]
[White "Gallego Alcaraz, Andres Felipe"]
[Black "Claridge-Hansen, William"]
[Result "1/2-1/2"]
[WhiteTitle "IM"]
[BlackTitle "FM"]
[WhiteElo "2504"]
[BlackElo "2291"]
[WhiteFideId "4402669"]
[BlackFideId "422509"]
[EventDate "2018.07.18"]

1. d4 Nf6 2. c4 e6 3. Nf3 b6 4. g3 Bb7 5. Bg2 Bb4+ 6. Bd2 c5 7. Bxb4 cxb4 8. a3
Qe7 9. O-O O-O 10. Nbd2 bxa3 11. Rxa3 d6 12. Qa1 Nc6 13. b4 a5 14. bxa5 bxa5 15.
Rb1 Qc7 16. Ne1 Ra7 17. Nd3 Rfa8 18. Ra4 h6 19. e3 Nd7 20. d5 exd5 21. cxd5 Nce5
22. Rc1 Qb6 23. Nxe5 Nxe5 24. Qa3 Rc8 25. Rb1 Qc5 26. Qa1 Bxd5 27. Ne4 Bxe4 28.
Bxe4 g6 29. Rd1 Qb6 30. Bd5 Rc5 31. Qd4 Qc7 32. Kg2 Ra6 33. Qe4 Kg7 34. Rd2 Rb6
35. Qd4 f6 36. Rd1 h5 37. h4 Ng4 38. Bf3 Ne5 39. Bd5 Ng4 40. Bf3 Ne5 41. Bd5 Ng4
42. Rd2 Ne5 1/2-1/2

[Event "29th Czech Rapid G1 2018"]
[Site "Pardubice CZE"]
[Date "2018.07.18"]
[Round "3.28"]
[White "Matviishen, Viktor"]
[Black "Nikologorsky, Matfei"]
[Result "1-0"]
[WhiteTitle "IM"]
[WhiteElo "2423"]
[BlackElo "2222"]
[WhiteFideId "14129850"]
[BlackFideId "24102474"]
[EventDate "2018.07.18"]

1. d4 Nf6 2. c4 g6 3. Nc3 d5 4. cxd5 Nxd5 5. Bd2 Nb6 6. e3 Bg7 7. f4 O-O 8. Nf3
Be6 9. Ne4 Bd5 10. Qc2 N8d7 11. b4 Nf6 12. Nc5 Nbd7 13. Bd3 Nxc5 14. bxc5 e6 15.
O-O Qe8 16. Ne5 Nd7 17. Bb5 c6 18. Bd3 f5 19. Rab1 b6 20. Bb4 bxc5 21. Bxc5 Nxc5
22. Qxc5 Bxe5 23. fxe5 Qd7 24. Ba6 Rab8 25. a3 Qc7 26. Bc4 Rxb1 27. Rxb1 Rb8 28.
Rxb8+ Qxb8 29. Bxd5 cxd5 30. Qe7 Qb6 31. Kf2 f4 32. Kf3 fxe3 33. Kxe3 a5 34. h4
Qc6 35. Qd8+ Kg7 36. Qxa5 Qc1+ 37. Kd3 Qf1+ 38. Kc2 Qxg2+ 39. Kb3 Qg3+ 40. Kb4
Qxh4 41. Qc7+ Kh6 42. Kc5 Qg3 43. Kd6 Qxa3+ 44. Kxe6 g5 45. Qd6 Qf3 46. Kd7+ Kg7
47. e6 g4 48. Qe5+ Kg6 49. e7 Qf7 50. Qe6+ 1-0

[Event "29th Czech Rapid G1 2018"]
[Site "Pardubice CZE"]
[Date "2018.07.18"]
[Round "3.29"]
[White "Potapov, Alexander1"]
[Black "Tarakanov, Oleg"]
[Result "0-1"]
[WhiteTitle "GM"]
[WhiteElo "2404"]
[BlackElo "2123"]
[WhiteFideId "4115074"]
[BlackFideId "4500610"]
[EventDate "2018.07.18"]

1. d4 d5 2. c4 c6 3. Nc3 Nf6 4. Bf4 e6 5. e3 Bd6 6. Bg5 Nbd7 7. c5 Bc7 8. f4 b6
9. b4 a5 10. b5 cxb5 11. c6 Nb8 12. Bxb5 Ba6 13. a4 Qd6 14. Rc1 Ne4 15. Nxe4
dxe4 16. Ne2 O-O 17. O-O Bc8 18. Nc3 f6 19. Nxe4 Qe7 20. Bh4 Na6 21. Qb3 Nb4 22.
Be1 Nd5 23. Bd2 Kh8 24. Nf2 Qd6 25. Ne4 Qe7 26. Rf3 Rd8 27. Rcf1 Ba6 28. Nf2
Bxb5 29. axb5 e5 30. fxe5 fxe5 31. g3 a4 32. Qc4 e4 33. Rf5 Nf6 34. Nd1 a3 35.
Bb4 Qe8 36. Nc3 Qg6 37. Kg2 Ng4 38. Nd1 Nxh2 39. R5f4 Nxf1 40. Kxf1 a2 41. Bc3
a1=Q 42. Bxa1 Rxa1 43. Ke2 Bxf4 44. c7 Qg4+ 0-1

[Event "29th Czech Rapid G1 2018"]
[Site "Pardubice CZE"]
[Date "2018.07.18"]
[Round "3.30"]
[White "Pein, Jonathan"]
[Black "Burdalev, Kirill"]
[Result "1/2-1/2"]
[BlackTitle "FM"]
[WhiteElo "2106"]
[BlackElo "2377"]
[WhiteFideId "417092"]
[BlackFideId "14121913"]
[EventDate "2018.07.18"]

1. e4 Nf6 2. e5 Nd5 3. d4 d6 4. c4 Nb6 5. f4 g6 6. Nc3 Bg7 7. Be3 Be6 8. d5 Bc8
9. Nf3 O-O 10. Be2 Bg4 11. exd6 exd6 12. O-O N8d7 13. Bd4 Bxd4+ 14. Nxd4 Bxe2
15. Qxe2 Qf6 16. Rad1 Rae8 17. Qg4 Re3 18. Nce2 h5 19. Qg5 Nxc4 20. Qxf6 Nxf6
21. Rc1 Nb6 22. Rxc7 Rb8 23. f5 Nfxd5 24. Rcc1 Rbe8 25. fxg6 fxg6 26. Nf4 Nxf4
27. Rxf4 Re1+ 28. Rf1 Rxc1 29. Rxc1 Rc8 30. Rxc8+ Nxc8 31. Ne6 b6 32. Kf2 Kf7
33. Nf4 Ne7 34. Ke3 Ke8 35. h3 Kd7 36. Ke4 Kc6 37. g4 hxg4 38. hxg4 Kc5 39. g5
a5 40. Ne6+ Kc4 41. Nd4 a4 42. b3+ axb3 43. Nxb3 Nc6 44. Nd2+ Kc3 45. Nf3 Ne7
46. Nd4 Kb4 47. Kf4 Kc5 48. Ke4 d5+ 49. Kd3 Kd6 50. Nf3 Ke6 51. a4 Kf5 52. Kd4
Ke6 53. Ne5 Kf5 54. Nf3 Kg4 55. Ne5+ Kxg5 56. Nd7 Nc8 57. Kxd5 Kf4 58. Kc6 g5
59. Nxb6 Nxb6 60. Kxb6 g4 61. a5 g3 62. a6 g2 63. a7 g1=Q+ 64. Kb7 Qg7+ 65. Kb8
Qf8+ 66. Kb7 Qe7+ 67. Kb8 Qe8+ 68. Kb7 Qb5+ 69. Kc7 Qa6 70. Kb8 Qb6+ 71. Ka8
Qc6+ 72. Kb8 Qb6+ 73. Ka8 Ke5 1/2-1/2

[Event "29th Czech Rapid G1 2018"]
[Site "Pardubice CZE"]
[Date "2018.07.18"]
[Round "3.31"]
[White "Slovak, Kilian"]
[Black "Biolek, Richard Jr."]
[Result "0-1"]
[BlackTitle "IM"]
[WhiteElo "2285"]
[BlackElo "2469"]
[WhiteFideId "365440"]
[BlackFideId "319996"]
[EventDate "2018.07.18"]

1. e4 Nc6 2. Nf3 Rb8 3. d4 b5 4. d5 Na5 5. Bd3 c5 6. O-O c4 7. Be2 g6 8. Re1 Bg7
9. Bf1 d6 10. Nc3 b4 11. Ne2 Nf6 12. Ned4 O-O 13. h3 Nd7 14. a3 b3 15. c3 Ne5
16. Be3 Ba6 17. Nxe5 dxe5 18. Nf3 Qc7 19. Qe2 Rbc8 20. Nh2 Qb8 21. Rad1 Nb7 22.
Qf3 Nd6 23. h4 Rc7 24. Bc1 Bc8 25. Qe3 Qb6 26. Qe2 h5 27. Be3 Qb7 28. Bc1 Qb6
29. Be3 Qb7 30. Bc1 Ne8 31. g3 Nf6 32. Bg2 Ng4 33. Nxg4 Bxg4 34. f3 Bc8 35. Kh2
Rd8 36. f4 Bg4 37. Bf3 Bxf3 38. Qxf3 exf4 39. Bxf4 Rcd7 40. Rf1 e6 41. dxe6 fxe6
42. Rxd7 Rxd7 43. Qe2 Rd3 44. Rd1 Rxd1 45. Qxd1 Qxe4 46. Qd8+ Kh7 47. Qc7 Qc2+
48. Kh3 e5 49. Bg5 Qb1 50. Qb7 e4 51. Kh2 Qxb2+ 0-1

[Event "29th Czech Rapid G1 2018"]
[Site "Pardubice CZE"]
[Date "2018.07.18"]
[Round "3.32"]
[White "Webersberger, Johann"]
[Black "Fedotov, Konstantin"]
[Result "0-1"]
[WhiteTitle "FM"]
[WhiteElo "2348"]
[BlackElo "2017"]
[WhiteFideId "1611100"]
[BlackFideId "4145895"]
[EventDate "2018.07.18"]

1. Nf3 c5 2. c4 Nc6 3. Nc3 g6 4. g3 Bg7 5. Bg2 d6 6. O-O Bg4 7. h3 Bxf3 8. Bxf3
e6 9. Bg2 Nge7 10. d3 a6 11. Bd2 O-O 12. Rb1 Rb8 13. a3 b5 14. cxb5 axb5 15. b4
cxb4 16. axb4 d5 17. Na2 Ra8 18. Nc1 Qd6 19. e3 Ra4 20. Qe1 Rfa8 21. d4 e5 22.
dxe5 Nxe5 23. Ne2 Nd3 24. Qd1 Rc8 25. Qb3 Ne5 26. Rfd1 Nc4 27. Bc1 Rd8 28. e4 d4
29. Nc3 dxc3 30. Rxd6 Rxd6 31. Bf4 Rd2 32. Bxd2 Nxd2 33. Qc2 Nxb1 34. Qxb1 Nc6
35. e5 Nxe5 36. Qe4 Ra1+ 37. Kh2 Ra2 38. Qb7 h5 39. Qxb5 Rxf2 40. Kg1 c2 41. Qc5
Nd3 0-1

[Event "29th Czech Rapid G1 2018"]
[Site "Pardubice CZE"]
[Date "2018.07.18"]
[Round "3.35"]
[White "Pacl, Vaclav"]
[Black "Zaitsev, Alexander"]
[Result "0-1"]
[WhiteTitle "FM"]
[BlackTitle "GM"]
[WhiteElo "2070"]
[BlackElo "2499"]
[WhiteFideId "302031"]
[BlackFideId "4164490"]
[EventDate "2018.07.18"]

1. Nf3 Nf6 2. e3 b6 3. b3 Bb7 4. Bb2 e6 5. d4 c5 6. Nbd2 Be7 7. Bd3 O-O 8. O-O
Nc6 9. a3 Re8 10. Qe2 Bf8 11. e4 cxd4 12. Nxd4 Nxd4 13. Bxd4 e5 14. Bb2 d5 15.
Rad1 Rc8 16. Rfe1 d4 17. Nf1 Qc7 18. Qf3 Qc6 19. Ng3 g6 20. Ne2 Nxe4 0-1

[Event "29th Czech Rapid G1 2018"]
[Site "Pardubice CZE"]
[Date "2018.07.18"]
[Round "3.37"]
[White "Hajek, Jiri3"]
[Black "Sarkar, Justin"]
[Result "0-1"]
[BlackTitle "IM"]
[WhiteElo "2081"]
[BlackElo "2307"]
[WhiteFideId "317888"]
[BlackFideId "2010011"]
[EventDate "2018.07.18"]

1. e4 e5 2. Nf3 Nc6 3. Nc3 Nf6 4. Bb5 Bd6 5. O-O O-O 6. d3 a6 7. Bc4 b5 8. Bd5
Nxd5 9. Nxd5 Ne7 10. Re1 Nxd5 11. exd5 Re8 12. c4 c6 13. dxc6 dxc6 14. Qe2 Bf5
15. Be3 e4 16. dxe4 Bxe4 17. Rad1 Qf6 18. c5 Bc7 19. Rd7 Rac8 20. Red1 h6 21.
R1d2 Bd5 22. Qd1 Qe6 23. R7xd5 cxd5 24. Rxd5 Rcd8 25. Rxd8 Rxd8 26. Qc1 Qxa2 27.
g3 Qd5 28. Nd4 Be5 29. Nf5 Qf3 30. Nd6 Bxd6 31. cxd6 Rxd6 32. Qc8+ Kh7 33. Qc2+
g6 34. Bd2 Rc6 35. Qb1 Qd5 36. Be3 Rd6 37. Qc2 Qd1+ 38. Qxd1 Rxd1+ 0-1

[Event "29th Czech Rapid G1 2018"]
[Site "Pardubice CZE"]
[Date "2018.07.18"]
[Round "3.39"]
[White "Maltsevskaya, Aleksandra"]
[Black "Chekletsov, Egor"]
[Result "0-1"]
[WhiteElo "2261"]
[BlackElo "2123"]
[WhiteFideId "24174041"]
[BlackFideId "24175315"]
[EventDate "2018.07.18"]

1. c4 Nf6 2. Nc3 c5 3. g3 g6 4. Bg2 Bg7 5. e4 Nc6 6. Nge2 d6 7. O-O O-O 8. a3
Nh5 9. Rb1 a5 10. d3 e5 11. Nd5 f5 12. b4 axb4 13. axb4 cxb4 14. exf5 Bxf5 15.
Nxb4 Rc8 16. Nd5 Rb8 17. Nec3 Nf6 18. Nxf6+ Bxf6 19. Be3 Bg5 20. Bb6 Qd7 21. Rb5
Bg4 22. Qb3 Bf3 23. Ne4 Bxg2 24. Kxg2 Be7 25. Be3 Kg7 26. Rb1 Qe6 27. Qc3 Nd8
28. f4 Bf6 29. Rb6 exf4 30. Nxf6 Rxf6 31. Bxf4 Qe2+ 32. Kg1 Ne6 33. Re1 Nxf4 34.
gxf4 Qg4+ 35. Kh1 Qf3+ 36. Kg1 Qxf4 37. Rb2 Rf8 38. Rxb7+ Kg8 39. Rb2 Rf5 40.
Rg2 Qf1+ 0-1

[Event "29th Czech Rapid G1 2018"]
[Site "Pardubice CZE"]
[Date "2018.07.18"]
[Round "3.40"]
[White "Jazdanovs, Aleksandrs"]
[Black "Becker, Dirk"]
[Result "1-0"]
[WhiteElo "2205"]
[BlackElo "2265"]
[WhiteFideId "11604492"]
[BlackFideId "12938564"]
[EventDate "2018.07.18"]

1. e4 c5 2. Nf3 e6 3. d4 cxd4 4. Nxd4 Nf6 5. Nc3 Nc6 6. g3 Bb4 7. Bg2 Qa5 8. O-O
O-O 9. Nb3 Qd8 10. Bf4 Be7 11. Qd2 a5 12. Rad1 a4 13. Nd4 Qb6 14. Ndb5 Ne8 15.
a3 f5 16. Be3 Qa5 17. exf5 Rxf5 18. Nd4 Nxd4 19. Bxd4 Ra6 20. Qe3 Qc7 21. Be4
Rf8 22. Bd3 Rc6 23. Bb5 Nf6 24. Bxc6 bxc6 25. Bxf6 Rxf6 26. Nxa4 c5 27. Nc3 d5
28. Rxd5 Bb7 29. Re5 Qc6 30. f3 Rh6 31. Re1 c4 32. Rxe6 Bc5 33. Rxc6 Bxe3+ 34.
Rxe3 Rxc6 35. Ne4 Rc7 36. Nd6 h5 37. Nxb7 Rxb7 38. b4 cxb3 39. cxb3 Rc7 40. Kf2
Rc1 41. Re1 Rc3 42. Rb1 Kf7 43. h4 Ke6 44. a4 Kd5 45. b4 Kc6 46. b5+ Kb6 47. a5+
Kb7 48. b6 Ra3 49. Rb5 g6 50. Rg5 Ka6 51. g4 hxg4 52. fxg4 Kb7 53. Kg2 Ka6 54.
h5 gxh5 55. gxh5 Re3 56. h6 Re8 57. h7 Rh8 58. Rh5 Kb7 59. Kf3 Ka6 60. Ke4 Kb7
61. Kd5 Ka6 62. Kc4 Kb7 63. Kb5 Ka8 64. a6 Kb8 65. Rg5 1-0

[Event "29th Czech Rapid G1 2018"]
[Site "Pardubice CZE"]
[Date "2018.07.18"]
[Round "3.45"]
[White "Annenkov, Kirill"]
[Black "Tarun, V Kanth"]
[Result "0-1"]
[WhiteTitle "FM"]
[WhiteElo "2214"]
[BlackElo "2086"]
[WhiteFideId "4129733"]
[BlackFideId "25012185"]
[EventDate "2018.07.18"]

1. d4 Nf6 2. c4 e6 3. g3 d5 4. Bg2 Bb4+ 5. Nd2 O-O 6. Nf3 dxc4 7. O-O Nbd7 8.
Nxc4 Nb6 9. Qb3 Be7 10. Rd1 Bd7 11. Qc2 Bc6 12. b3 Be4 13. Qb2 Qd5 14. Bf4 Qh5
15. Nxb6 cxb6 16. Rac1 Nd5 17. Bd2 Bf6 18. Be1 Rfd8 19. Ne5 Bxg2 20. Kxg2 Bxe5
21. dxe5 Rd7 22. Rd3 Rad8 23. Rcd1 h6 24. Kg1 Qh3 25. Qd2 g5 26. f3 Kg7 27. Bf2
Kh8 28. Qe1 Nf4 29. gxf4 gxf4 30. Qf1 Rg8+ 31. Kh1 Rxd3 0-1

[Event "29th Czech Rapid G1 2018"]
[Site "Pardubice CZE"]
[Date "2018.07.18"]
[Round "3.46"]
[White "Semjonovs, Ilja"]
[Black "Harshini, A"]
[Result "1-0"]
[BlackTitle "WFM"]
[WhiteElo "2219"]
[BlackElo "2037"]
[WhiteFideId "11604263"]
[BlackFideId "25008986"]
[EventDate "2018.07.18"]

1. e4 e5 2. Nf3 Nc6 3. Bb5 a6 4. Ba4 Nge7 5. O-O g6 6. c3 Bg7 7. d4 exd4 8. cxd4
b5 9. Bb3 O-O 10. Nc3 d6 11. h3 h6 12. Re1 Kh7 13. Bf4 Na5 14. Bc2 Nc4 15. Qc1
Bb7 16. b3 Nb6 17. Qd2 Qd7 18. Rad1 Rad8 19. Ne2 Nc6 20. h4 Qg4 21. Bg3 Ne7 22.
Nh2 Qd7 23. h5 gxh5 24. Nf4 Ng6 25. Nxh5 Rh8 26. Nf4 Nxf4 27. Qxf4 Kg8 28. Bh4
Re8 29. Re3 Re6 30. Rg3 Rg6 31. Ng4 Qe6 32. d5 Be5 33. Qf3 Nxd5 34. exd5 Bxd5
35. Qxd5 Qxd5 36. Rxd5 Bxg3 37. Bxg6 Bxh4 38. Bf5 Kg7 39. g3 Be7 40. Rd1 Rd8 41.
Ne3 c6 42. Rc1 c5 43. Nd5 Bf8 44. Bd3 Rc8 45. a4 bxa4 46. bxa4 a5 47. Rb1 Rc6
48. Bc4 Rc8 49. Rb7 Re8 50. Ne3 Be7 51. Ra7 Kf8 52. Nf5 h5 53. Rxa5 Rb8 54. Ra7
Rb4 55. Bd5 Rb1+ 56. Kg2 Re1 57. Nxe7 Rxe7 58. Rxe7 Kxe7 59. a5 c4 60. Bxc4 Kd7
61. Bxf7 1-0